Chinese Armorial Porcelain for the Duth Market (Record no. 519)
[ view plain ]
| 000 -CABECERA | |
|---|---|
| campo de control de longitud fija | 00681nam a2200193 a 4500 |
| 001 - NÚMERO DE CONTROL | |
| campo de control | BRCA_591 |
| 005 - FECHA Y HORA DE LA ÚLTIMA TRANSACCIÓN | |
| campo de control | 20190320203057.0 |
| 008 - DATOS DE LONGITUD FIJA--INFORMACIÓN GENERAL | |
| campo de control de longitud fija | 160508s2007----ho-a---###---#000-0#eng-# |
| 020 ## - NÚMERO INTERNACIONAL ESTÁNDAR DEL LIBRO | |
| Número Internacional Estándar del Libro | 9789040083310 |
| 050 #4 - SIGNATURA TOPOGRÁFICA DE LA BIBLIOTECA DEL CONGRESO | |
| Número de clasificación | NK4565 |
| Número de documento/Ítem | .K76 2007 |
| 100 1# - ENTRADA PRINCIPAL--NOMBRE DE PERSONA | |
| Nombre de persona | Kroes, Jochem |
| 9 (RLIN) | 2035 |
| 245 10 - MENCIÓN DE TÍTULO | |
| Título | Chinese Armorial Porcelain for the Duth Market |
| Resto del título | Chinese Porcelain with Coats of Arms of Dutch Families |
| Mención de responsabilidad, etc. | Jochem Kroes. |
| 260 ## - PUBLICACIÓN, DISTRIBUCIÓN, ETC. | |
| Lugar de publicación, distribución, etc. | The Hague, Holanda |
| Nombre del editor, distribuidor, etc. | Centraal Bureau Voor Genealogie : Waanders |
| Fecha de publicación, distribución, etc. | 2007 |
| 300 ## - DESCRIPCIÓN FÍSICA | |
| Extensión | 718 p. |
| Otras características físicas | il. a color |
| Dimensiones | 26 cm. |
| 500 ## - NOTA GENERAL | |
| Nota general | Incluye glosario |
| 650 14 - PUNTO DE ACCESO ADICIONAL DE MATERIA--TÉRMINO DE MATERIA | |
| Término de materia o nombre geográfico como elemento de entrada | Porcelana china |
| Subdivisión general | Comercio en Alemania |
| 9 (RLIN) | 2036 |
| 650 14 - PUNTO DE ACCESO ADICIONAL DE MATERIA--TÉRMINO DE MATERIA | |
| Término de materia o nombre geográfico como elemento de entrada | Escudos de armas alemanas |
| 9 (RLIN) | 2037 |
| 942 ## - ELEMENTOS DE PUNTO DE ACCESO ADICIONAL (KOHA) | |
| Fuente del sistema de clasificación o colocación | Library of Congress Classification |
| Tipo de ítem Koha | Libros |
| Estado de retiro | Estado de pérdida | Estado dañado | No para préstamo | Localización permanente | Ubicación/localización actual | Fecha de adquisición | Total de préstamos | Signatura topográfica completa | Código de barras | Fecha visto por última vez | Precio válido a partir de | Tipo de ítem Koha |
|---|---|---|---|---|---|---|---|---|---|---|---|---|
| El ejemplar forma parte de la colección y puede ser consultado según las políticas vigentes. | Biblioteca del Museo Franz Mayer (Rogerio Casas-Alatriste) | Biblioteca del Museo Franz Mayer (Rogerio Casas-Alatriste) | 25/06/2008 | NK4565 .K76 2007 | 00907 | 22/03/2019 | 22/03/2019 | Libros |